Statistics for Fruits and Vegetables by Picture - [Tutorial]

Click here to take the quiz!

General Stats

  • This quiz has been taken 316 times
  • The average score is 9 of 9

Answer Stats

Answer% Correct
Apple
99%
Banana
99%
Corn
98%
Lemon
98%
Broccoli
97%
Carrot
97%
Pea
97%
Strawberry
96%
Pear
94%

Score Distribution

Percentile by Number Answered

Percent of People with Each Score

Your Score History

You have not taken this quiz